| 000 | 00562cab a2200193 4500 | ||
|---|---|---|---|
| 001 | ##ABS52793 | ||
| 008 | 090401t1995 xxu||||| |||| 00| 0 eng d | ||
| 035 | _a(Sirsi) u238 | ||
| 041 | 0 | _aeng | |
| 245 | 0 | 0 | _aForecasts for agricultural land prices (1995-1997) |
| 260 | _c1995 | ||
| 350 | _a0 | ||
| 490 | 0 |
_aFarmland Market _v(43) Spring 1995, 8-11(4) |
|
| 520 | _aPredicts a weaker farmland market in 1995. | ||
| 651 | 4 |
_aUnited Kingdom _y |
|
| 690 | _aPROPERTY-RURAL AND NATURAL ASSETS-RURAL AND NATURAL ASSET MARKET | ||
| 942 |
_n0 _2ddc |
||
| 948 | _c04/03/1997 | ||
| 999 |
_c94 _d94 |
||